Painter's workshop ; a basic course in contemporary painting and drawing.

Bibliographic Details
Main Author: Brooks, Leonard, 1911-
Format: Book
Language:English
Published: New York : Van Nostrand Reinhold Co., [1969]
Subjects:

MARC

Tag First Indicator Second Indicator Subfields
LEADER 00000cam a2200000 4500
001 in00000186913
005 20151009053728.0
008 700113s1969 nyua b 00100 eng d
010 |a  69016382  
035 |a (OCoLC)00051012 
035 |9 AAW5584AM 
040 |a DLC  |c DLC  |d TXA  |d UtOrBLW 
049 |a TXAM  |c [852894] 
050 0 0 |a ND1115  |b .B76 
082 0 |a 760 
100 1 |a Brooks, Leonard,  |d 1911- 
245 1 0 |a Painter's workshop ;  |b a basic course in contemporary painting and drawing. 
264 1 |a New York :  |b Van Nostrand Reinhold Co.,  |c [1969] 
264 4 |c [©1969] 
300 |a 159 pages :  |b illustrations (part color) 
336 |a text  |b txt  |2 rdacontent 
337 |a unmediated  |b n  |2 rdamedia 
338 |a volume  |b nc  |2 rdacarrier 
500 |a "A schedule for Painter's workshop" [1] . in pocket. 
504 |a Bibliography: pages 155-156. 
650 0 |a Painting  |x Study and teaching. 
650 0 |a Drawing  |x Study and teaching. 
999 |a MARS 
999 f f |s 2a221bd2-69d1-32d5-9d5a-1a05049544c1  |i 241dd441-5e72-36ae-a291-cbc148adc43a  |t 0 
952 f f |p normal  |a Texas A&M University  |b College Station  |c Sterling C. Evans Library  |d Evans: Library Stacks  |t 0  |e ND1115 .B76  |h Library of Congress classification  |i unmediated -- volume  |m A14803486812 
998 f f |a ND1115 .B76  |t 0  |l Evans: Library Stacks